| 000 | 00424nam a2200145Ia 4500 | ||
|---|---|---|---|
| 008 | 211109s9999||||xx |||||||||||||| ||und|| | ||
| 082 |
_a332.46 _bGRU-I |
||
| 100 | _aGrubel, Herbert G | ||
| 245 | 0 | _aInternational Monetary System | |
| 260 |
_bPenguin Books _aNew York _c1969 |
||
| 300 | _a208p. | ||
| 630 | _xGeneral Stack | ||
| 650 |
_aFinancial economics _vEconomicsSocial scienceMonetary System _xEconomics |
||
| 942 | _cBOOK | ||
| 999 |
_c34805 _d34805 |
||